Environmental engineering (Record no. 62738)
[ view plain ]
| 000 -LEADER | |
|---|---|
| fixed length control field | 00977nam a2200193 a 4500 |
| 008 - FIXED-LENGTH DATA ELEMENTS--GENERAL INFORMATION | |
| fixed length control field | 120416s2003 xx |||||||||||||| || u |
| 050 ## - LIBRARY OF CONGRESS CALL NUMBER | |
| Classification number | REF TD 145 Sal |
| 100 ## - MAIN ENTRY--PERSONAL NAME | |
| Personal name | Salvato, Joseph A |
| 245 10 - TITLE STATEMENT | |
| Title | Environmental engineering |
| 250 ## - EDITION STATEMENT | |
| Edition statement | 5th editio |
| 260 ## - PUBLICATION, DISTRIBUTION, ETC. | |
| Date of publication, distribution, etc. | 2003 |
| 300 ## - PHYSICAL DESCRIPTION | |
| Extent | : ill. |
| 350 ## - | |
| -- | 0.00 |
| 995 ## - | |
| -- | REFERENCE BOOKS |
| -- | 0.00 |
| -- | 736820 |
| -- | CBU-MAIN LIBRARY (Kitwe) |
| -- | 1 |
| -- | 35.95 |
| -- | TD 145 Sal |
| -- | AVAILABLE |
| -- | 40272 |
| -- | Reference Collection |
| 995 ## - | |
| -- | REFERENCE BOOKS |
| -- | 0.00 |
| -- | 736823 |
| -- | CBU-MAIN LIBRARY (Kitwe) |
| -- | 4 |
| -- | 35.95 |
| -- | TD 145 Sal |
| -- | REFERENCE |
| -- | 40267 |
| -- | Reference Collection |
| 995 ## - | |
| -- | REFERENCE BOOKS |
| -- | 0.00 |
| -- | 736822 |
| -- | CBU-MAIN LIBRARY (Kitwe) |
| -- | 3 |
| -- | 35.95 |
| -- | TD 145 Sal |
| -- | REFERENCE |
| -- | 40265 |
| -- | Reference Collection |
| 995 ## - | |
| -- | REFERENCE BOOKS |
| -- | 0.00 |
| -- | 736824 |
| -- | CBU-MAIN LIBRARY (Kitwe) |
| -- | 5 |
| -- | 35.95 |
| -- | TD 145 Sal |
| -- | REFERENCE |
| -- | 40268 |
| -- | Reference Collection |
| 995 ## - | |
| -- | REFERENCE BOOKS |
| -- | 0.00 |
| -- | 736821 |
| -- | CBU-MAIN LIBRARY (Kitwe) |
| -- | 2 |
| -- | 35.95 |
| -- | TD 145 Sal |
| -- | REFERENCE |
| -- | 40270 |
| -- | Reference Collection |
| 999 ## - | |
| -- | 62738 |
| -- | 62738 |
| Withdrawn status | Lost status | Source of classification or shelving scheme | Damaged status | Not for loan | Permanent Location | Current Location | Shelving location | Date acquired | Total Checkouts | Full call number | Barcode | Date last seen | Price effective from | Koha item type |
|---|---|---|---|---|---|---|---|---|---|---|---|---|---|---|
| CBU-MAIN LIBRARY, KITWE. | CBU-MAIN LIBRARY, KITWE. | 12/16/2022 | REF TD 145 Sal | 40272 | 12/16/2022 | 12/16/2022 | MONOGRAPH | |||||||
| CBU-MAIN LIBRARY, KITWE. | CBU-MAIN LIBRARY, KITWE. | 12/16/2022 | REF TD 145 Sal | 40267 | 12/16/2022 | 12/16/2022 | MONOGRAPH | |||||||
| CBU-MAIN LIBRARY, KITWE. | CBU-MAIN LIBRARY, KITWE. | 12/16/2022 | REF TD 145 Sal | 40265 | 12/16/2022 | 12/16/2022 | MONOGRAPH | |||||||
| CBU-MAIN LIBRARY, KITWE. | CBU-MAIN LIBRARY, KITWE. | 12/16/2022 | REF TD 145 Sal | 40268 | 12/16/2022 | 12/16/2022 | MONOGRAPH | |||||||
| CBU-MAIN LIBRARY, KITWE. | CBU-MAIN LIBRARY, KITWE. | 12/16/2022 | REF TD 145 Sal | 40270 | 12/16/2022 | 12/16/2022 | MONOGRAPH |